000 00381nam a2200145Ia 4500
008 220217s9999||||xx |||||||||||||| ||und||
020 _a0-07-118236-5
082 _a530 JON
100 _aJones, Edwin Chilters, Richard
_93093
245 0 _aContemporary college physics
250 _a3rd
260 _aTata Mcgraw hill
_bBoston
_c2001
300 _b399
650 _aPHYSICS
999 _c170817
_d170817